| 000 | 00835nam a2200217 i 4500 | ||
|---|---|---|---|
| 001 | 119700 | ||
| 003 | ES-MaACL | ||
| 005 | 20250728113739.0 | ||
| 007 | t| | ||
| 008 | 070214m19401945sp r ||||1| spa d | ||
| 100 | 1 |
_aPinard de la Boullaye, H. _992072 |
|
| 245 | 1 | 3 |
_aEl estudio comparado de las religiones _b: ensayo crítico / _cH. Pinard de la Boullaye ; versión de Florentín G. de Andóin y Teodoro Martínez. |
| 260 |
_aMadrid : _bRazón y Fé, _c1940-1945. |
||
| 300 |
_a2 v. ; _c28 cm. |
||
| 505 | 8 | _aContiene: I. Historia en el mundo occidental 547 p., 1 lám. II. Sus métodos- 522 pág. + 1 lám | |
| 650 | 0 | 4 |
_aReligiones- _xHistoria _916823 |
| 700 | 1 |
_aGarcía de Andóin, Florentín. _954402 |
|
| 700 | 1 |
_aMartínez, Teodoro. _977809 |
|
| 852 |
_aES-MaACL _jP-884 _bR.18757 |
||
| 999 |
_c119700 _d119700 |
||